<?xml version="1.0" encoding="UTF-8"?>
<marc:record xmlns:marc="http://www.loc.gov/MARC21/slim">
   <marc:leader>00000nam a2200000 a 4500</marc:leader>
   <marc:datafield ind1="1" ind2=" " tag="100">
      <marc:subfield code="a">Pizzo, Christopher</marc:subfield>
      <marc:subfield code="4">aut</marc:subfield>
      <marc:subfield code="e">Verfasser/-in</marc:subfield>
   </marc:datafield>
   <marc:datafield ind1="1" ind2=" " tag="100">
      <marc:subfield code="a">Gerstman, Bradley</marc:subfield>
      <marc:subfield code="4">aut</marc:subfield>
      <marc:subfield code="e">Verfasser/-in</marc:subfield>
   </marc:datafield>
   <marc:datafield ind1="1" ind2=" " tag="100">
      <marc:subfield code="a">Seldes, Rich</marc:subfield>
      <marc:subfield code="4">aut</marc:subfield>
      <marc:subfield code="e">Verfasser/-in</marc:subfield>
   </marc:datafield>
   <marc:datafield ind1="1" ind2=" " tag="100">
      <marc:subfield code="a">Pizzo, Christopher</marc:subfield>
   </marc:datafield>
   <marc:datafield ind1=" " ind2=" " tag="653">
      <marc:subfield code="a">Mann</marc:subfield>
   </marc:datafield>
   <marc:datafield ind1=" " ind2=" " tag="653">
      <marc:subfield code="a">Erwartung</marc:subfield>
   </marc:datafield>
   <marc:datafield ind1=" " ind2=" " tag="653">
      <marc:subfield code="a">Frau</marc:subfield>
   </marc:datafield>
   <marc:datafield ind1="0" ind2="0" tag="245">
      <marc:subfield code="a">Was Mann wirklich will</marc:subfield>
   </marc:datafield>
   <marc:datafield ind1="0" ind2="0" tag="245">
      <marc:subfield code="b">drei Männer packen aus: was Frauen immer wieder falsch machen</marc:subfield>
   </marc:datafield>
   <marc:datafield ind1="0" ind2="0" tag="245">
      <marc:subfield code="c">C. Pizzo ; B. Gerstman ; R. Seldes. Aus dem Amerikan. übers. von Matthias Reiss</marc:subfield>
   </marc:datafield>
   <marc:datafield ind1=" " ind2="1" tag="264">
      <marc:subfield code="a">Heidelberg</marc:subfield>
      <marc:subfield code="b">mvgVerl.</marc:subfield>
   </marc:datafield>
   <marc:datafield ind1=" " ind2=" " tag="250">
      <marc:subfield code="a">Neuausg.</marc:subfield>
   </marc:datafield>
   <marc:datafield ind1="1" ind2=" " tag="520">
      <marc:subfield code="a">Angaben aus der Verlagsmeldung

Was Mann wirklich will : Drei Männer packen aus: Was Frauen immer wieder falsch machen What men want / von Bradley Gerstman, Christopher Pizzo, Rich Seldes

Das Schweigen der Männer hat ein Ende
»Was denkst du gerade?« – »Nichts.« Eine Antwort, wie sie für einen Mann typischer nicht sein könnte. Genug vergeblich gefragt und geraten, denn Bradley Gerstman, Christopher Pizzo und Rich Seldes packen aus und offenbaren geheime Ängste, Sehnsüchte und Vorlieben der Männer:
· Mögen es Männer, wenn Frauen die Initiative ergreifen?
· Möchte er beim Rendezvous tatsächlich selbst die Rechnung bezahlen?
· Und: Ist es in Ordnung, gleich nach dem ersten Date mit ihm zu schlafen?
Die Antworten auf diese und viele weitere Fragen helfen Frauen, Gefühle und Signale der Männer auf Anhieb zu verstehen – garantiert!
</marc:subfield>
   </marc:datafield>
   <marc:datafield ind1=" " ind2=" " tag="020">
      <marc:subfield code="a">9783636071934</marc:subfield>
      <marc:subfield code="9">9783636071934</marc:subfield>
   </marc:datafield>
   <marc:datafield ind1=" " ind2=" " tag="020">
      <marc:subfield code="a">3636071939</marc:subfield>
      <marc:subfield code="9">3636071939</marc:subfield>
   </marc:datafield>
   <marc:datafield ind1=" " ind2=" " tag="041">
      <marc:subfield code="a">ger</marc:subfield>
   </marc:datafield>
   <marc:datafield ind1=" " ind2=" " tag="300">
      <marc:subfield code="a">272 S.</marc:subfield>
   </marc:datafield>
</marc:record>
